| 000 | 00578nam a2200205 4500 | ||
|---|---|---|---|
| 003 | OSt | ||
| 005 | 20170124110311.0 | ||
| 008 | 160907b xxu||||| |||| 00| 0 eng d | ||
| 010 | _a740211 | ||
| 035 | _a740211 | ||
| 037 | _bCen Lib / Ret | ||
| 040 |
_aDPL _bEn _cTIT |
||
| 082 |
_a260.45 _bGUR |
||
| 245 | _aGuru granth ratnavali / | ||
| 260 |
_aPatiala _bPunjabi University |
||
| 270 |
_aSardar Amrik Singh Registrar Punjabi University Patiala _bPatiala |
||
| 300 |
_a192p _b27cm(Hb) |
||
| 650 |
_aAdi-Granth. _9143390 |
||
| 942 |
_2ddc _cEN _h260.45 _mGUR |
||
| 999 |
_c136929 _d136929 |
||